000 00990nas a2200349 4500
001 BR2012002515
003 BR-BrBNA
005 20231205120408.0
007 ta
008 230509b bl.|||p| |||| 00| 00por d
040 _aBR-BrBNA
_bpor
_cBiblioteca Nacional de Agricultura
041 _a(Pt)
072 _aL74
100 1 _aInkelmann, M.A.
100 1 _aKommers, G.D.
100 1 _aFighera, R.A.
100 1 _aIrigoyen, L.F.
100 1 _aBarros, C.S.L.
100 1 _aSilveira, I.P.
100 1 _aTrost, M.E.
245 1 _aNeoplasmas do sistema urinário em 113 cães
246 1 _aNeoplasms of the urinary system in 113 dogs
650 _aCÃO
650 _aTUMOR
650 _aRIM
650 _aAPARELHO URINÁRIO
650 _aBEXIGA
650 _aDOENÇA ANIMAL
773 0 _tPesquisa Veterinária Brasileira (Brazil)
_xISSN 0100-736X
_g(Dec 2011), v. 31(12) p. 1102-1107
_wBR2012002515
909 _a202311
_bLúcia
_c55
_dLúcia Elande
942 _2AGRIS
_n0
_cANA
999 _c218288
_d218288